Länder mit der größten Autoproduktion - Statistiken

Allgemein
  • Dieses Quiz wurde 325 mal gespielt
  • Das Durchschnittsergebnis liegt bei 16 aus 20
Antwortstatistiken
Platz Land Produktion im Jahr % Korrekt
4. Deutschland 3,74 Mio.
100%
1. China 25,23 Mio.
99%
2. Vereinigte Staaten 8,82 Mio.
99%
13. Frankreich 1,32 Mio.
96%
3. Japan 8,07 Mio.
96%
19. Italien 0,78 Mio.
92%
10. Russland 1,44 Mio.
91%
8. Spanien 2,27 Mio.
91%
9. Brasilien 2,01 Mio.
88%
6. Indien 3,39 Mio.
87%
5. Südkorea 3,51 Mio.
87%
7. Mexiko 3,18 Mio.
84%
12. Kanada 1,38 Mio.
83%
17. Vereinigtes Königreich 0,99 Mio.
83%
16. Tschechien 1,16 Mio.
67%
14. Türkei 1,3 Mio.
65%
20. Indonesien 0,69 Mio.
60%
11. Thailand 1,43 Mio.
51%
18. Iran 0,88 Mio.
49%
15. Slowakei 1,22 Mio.
33%
Keine übereinstimmenden Quizze gefunden
Verteilung der Resultate
Anzahl Personen mit jedem Resultat
Perzentil nach korrekt beantworteten Fragen
Ihre Resultats-Entwicklung
Sie haben dieses Quiz noch nicht gespielt